000 00603nam a2200181Ia 4500
008 100920s9999 xx 000 0 und d
082 _b55021
_a28 व 891 थ 89
100 _aभिडे माधुरी.
245 _aकथा पौर्णिमा.
260 _bकेमकर प्रकाशन,पुणे.
_c1989
300 _a75
_bसाधी
365 _b15
520 _aबा.वि.लघुकथा.
630 _aकथा पौर्णिमा.
650 _aबा.वि.लघुकथा.
730 _aकथा पौर्णिमा.
942 _cBOOK
999 _c699551
_d699548